=LDR 00000nam 2200000 4500 =001 INLIS000000000042697 =005 20131008015513 =008 ***********************************ind** =035 ##$$0010-101300000000619 =041 ##$$a ind =082 ##$$a 616.35 =090 ##$$a 616.35, Gut p =100 ##$$a Gut Windarsih =245 ##$$a Pengobatan dan pencegahan penyakit varises dan ambien, Gut windarsih; Editor, Sri lestari =260 ##$$a 2010 $b Jakarta =300 ##$$a Iv,44 hlm, ilus, 24 cm =650 ##$$a WASIR DAN VARISES =700 ##$$a Sri Lestari =850 ##$$a NBPNMAT =990 ##$$a 0001/BPAP-NTB/20142014 =990 ##$$a 0001/BPAP-NTB/2016